| 000 | 01451 a2200301 4500 | ||
|---|---|---|---|
| 999 |
_c7459 _d7459 |
||
| 020 | _a0821361252 | ||
| 020 | _a9780821361252 | ||
| 050 | 0 | 0 | _aHF1418.5 GLO 2006 |
| 100 |
_aGlobal integration and technology transfer _eBernard Hoekman |
||
| 245 | 0 | 0 |
_aGlobal integration and technology transfer / _cedited by Bernard Hoekman and Beata Smarzynska Javorcik. |
| 264 |
_aWashington: _bThe world Bank, _c2006 |
||
| 300 |
_axix, 346 p. : _bill. ; |
||
| 440 | 0 | _aTrade and development series | |
| 500 | _aIncludes bibliographical references and index. | ||
| 504 | _aIncludes bibliographical references and index. | ||
| 650 | 0 | _aInternational economic integration. | |
| 650 | 0 | _aInternational trade. | |
| 650 | 0 | _aInvestments, Foreign | |
| 650 | 0 |
_aTechnology transfer _xEconomic aspects |
|
| 650 | 0 |
_aIndustrial productivity _xEffect of technological innovations on |
|
| 700 | 1 |
_aHoekman, Bernard M., _d1959- |
|
| 700 | 1 | _aJavorcik, Beata K. Smarzynska. | |
| 856 | 4 | 1 |
_3Table of contents only _uhttp://www.loc.gov/catdir/toc/fy0613/2005043451.html |
| 856 | 4 | 2 |
_3Contributor biographical information _uhttps://www.loc.gov/catdir/enhancements/fy1609/2005043451-b.html |
| 856 | 4 | 2 |
_3Publisher description _uhttps://www.loc.gov/catdir/enhancements/fy1609/2005043451-d.html |
| 942 |
_2lcc _cBK _h1418 _iGLO _kHF |
||